000 00272nam a2200097Ia 4500
008 220120s9999||||xx |||||||||||||| ||und||
100 _aNIIT world class education
245 0 _aWSA developer v4.x - hands on overview
260 _bNew Delhi
_c2001
300 _aXVIII, 232p.
_b0
999 _c136638
_d136638